[Event "World Chess Olympiad 2018"]
[Site "Batumi"]
[Date "2018.09.24"]
[Round "1"]
[Board "4"]
[WhiteFideId "11700947"]
[White "Kanz Ahmad Safy"]
[BlackFideId "505455"]
[Black "Sipila Vilka"]
[Result "0-1"]
[LiveChessVersion "1.4.8"]
[BlackElo "2381"]
[WhiteElo "1826"]

1. e4 {[%clk 1:30:54]} e5 {[%clk 1:30:47]} 2. Nf3 {[%clk 1:31:04]} Nc6
{[%clk 1:31:05]} 3. Bc4 {[%clk 1:30:28]} Nf6 {[%clk 1:31:23]} 4. d3
{[%clk 1:30:17]} Bc5 {[%clk 1:31:44]} 5. O-O {[%clk 1:30:23]} d6 {[%clk 1:31:55]}
6. h3 {[%clk 1:29:57]} O-O {[%clk 1:32:16]} 7. Bg5 {[%clk 1:27:21]} h6
{[%clk 1:32:28]} 8. Bh4 {[%clk 1:26:36]} g5 {[%clk 1:30:36]} 9. Nxg5
{[%clk 1:24:16]} hxg5 {[%clk 1:30:59]} 10. Bxg5 {[%clk 1:24:41]} Nd4
{[%clk 1:31:10]} 11. b4 {[%clk 1:22:41]} Bb6 {[%clk 1:31:13]} 12. a4
{[%clk 1:21:48]} c6 {[%clk 1:25:25]} 13. a5 {[%clk 1:21:07]} Bc7 {[%clk 1:25:50]}
14. f4 {[%clk 1:20:40]} d5 {[%clk 1:26:07]} 15. fxe5 {[%clk 1:15:43]} Bxe5
{[%clk 1:26:28]} 16. Ba2 {[%clk 1:15:56]} Kg7 {[%clk 1:21:18]} 17. c3
{[%clk 1:15:35]} Ne6 {[%clk 1:21:33]} 18. Qd2 {[%clk 1:15:56]} Rh8
{[%clk 0:59:55]} 19. exd5 {[%clk 1:11:01]} cxd5 {[%clk 0:21:43]} 20. d4
{[%clk 1:10:25]} Bh2+ {[%clk 0:21:56]} 21. Kh1 Ne4 22. Bxd8 {[%clk 1:08:16]} Ng3+
{[%clk 0:22:18]} 23. Kxh2 {[%clk 1:05:20]} Nxf1+ {[%clk 0:22:35]} 24. Kg1
{[%clk 1:05:40]} Nxd2 {[%clk 0:23:00]} 25. Bf6+ {[%clk 1:04:17]} Kxf6
{[%clk 0:23:21]} 26. Nxd2 {[%clk 1:04:42]} Nc7 {[%clk 0:22:36]} 27. Nf3
{[%clk 0:45:40]} Be6 {[%clk 0:22:15]} 28. c4 {[%clk 0:30:01]} dxc4
{[%clk 0:19:57]} 29. Nd2 {[%clk 0:29:30]} Rad8 {[%clk 0:19:39]} 30. Ne4+
{[%clk 0:27:41]} Ke7 {[%clk 0:19:51]} 0-1

[Event "World Chess Olympiad 2018"]
[Site "Batumi"]
[Date "2018.09.24"]
[Round "1"]
[Board "1"]
[WhiteFideId "11800020"]
[White "Rossini Paul"]
[BlackFideId "5201268"]
[Black "Sadorra Julio Catalino"]
[Result "0-1"]
[LiveChessVersion "1.4.8"]
[BlackElo "2553"]
[WhiteElo "1678"]

1. e4 {[%clk 1:30:46]} e6 {[%clk 1:30:42]} 2. d4 {[%clk 1:31:06]} d5
{[%clk 1:31:02]} 3. e5 {[%clk 1:31:24]} c5 {[%clk 1:31:18]} 4. Nf3
{[%clk 1:28:40]} cxd4 {[%clk 1:28:30]} 5. Nxd4 {[%clk 1:28:54]} Nc6
{[%clk 1:28:40]} 6. Bb5 {[%clk 1:26:54]} Bd7 {[%clk 1:29:01]} 7. Nxc6
{[%clk 1:26:51]} bxc6 {[%clk 1:25:01]} 8. Bd3 {[%clk 1:26:22]} Qc7
{[%clk 1:21:08]} 9. Qe2 {[%clk 1:22:55]} g6 {[%clk 1:21:06]} 10. O-O
{[%clk 1:21:12]} Bg7 {[%clk 1:21:32]} 11. Re1 {[%clk 1:17:31]} Ne7
{[%clk 1:17:15]} 12. Bg5 {[%clk 1:11:51]} h6 {[%clk 1:16:34]} 13. Bxe7
{[%clk 1:07:53]} Kxe7 {[%clk 1:17:01]} 14. Nd2 {[%clk 1:03:57]} Rhb8
{[%clk 1:14:06]} 15. b3 {[%clk 1:02:45]} a5 {[%clk 1:14:28]} 16. a4
{[%clk 1:00:41]} Qb6 {[%clk 1:10:47]} 17. Qg4 {[%clk 0:53:18]} Qb4
{[%clk 1:10:24]} 18. Qxb4+ {[%clk 0:49:48]} Rxb4 {[%clk 1:10:50]} 19. Rac1
{[%clk 0:45:44]} h5 {[%clk 1:06:53]} 20. Re3 {[%clk 0:41:30]} Bh6
{[%clk 1:03:47]} 21. Re2 {[%clk 0:40:20]} c5 {[%clk 1:03:40]} 22. Rb1
{[%clk 0:35:39]} c4 {[%clk 1:03:26]} 23. bxc4 {[%clk 0:35:52]} Bxd2
{[%clk 1:03:52]} 24. Rxb4 {[%clk 0:36:04]} Bxb4 {[%clk 1:04:18]} 25. cxd5
{[%clk 0:36:09]} exd5 {[%clk 1:04:42]} 26. h3 {[%clk 0:35:41]} Bxa4
{[%clk 1:04:38]} 27. c4 {[%clk 0:35:48]} d4 {[%clk 1:04:16]} 28. f4
{[%clk 0:36:03]} h4 {[%clk 1:03:18]} 29. f5 {[%clk 0:36:12]} gxf5
{[%clk 1:03:42]} 30. Bxf5 {[%clk 0:36:29]} Bb3 {[%clk 1:03:57]} 31. Re4
{[%clk 0:36:10]} d3 {[%clk 1:04:01]} 32. e6 {[%clk 0:35:42]} d2 {[%clk 1:04:06]}
33. exf7+ {[%clk 0:35:36]} Kxf7 {[%clk 1:04:33]} 34. Be6+ {[%clk 0:35:09]} Kf6
{[%clk 1:02:54]} 0-1

[Event "World Chess Olympiad 2018"]
[Site "Batumi"]
[Date "2018.09.24"]
[Round "1"]
[Board "2"]
[WhiteFideId "5200750"]
[White "Garcia Jan Emmanuel"]
[BlackFideId "11800011"]
[Black "Berardi Giancarlo"]
[Result "1-0"]
[LiveChessVersion "1.4.8"]
[BlackElo "1766"]
[WhiteElo "2439"]

1. c4 {[%clk 1:30:55]} c5 {[%clk 1:28:27]} 2. Nf3 {[%clk 1:29:26]} g6
{[%clk 1:24:35]} 3. d4 {[%clk 1:29:25]} cxd4 {[%clk 1:22:52]} 4. Nxd4
{[%clk 1:29:47]} Bg7 {[%clk 1:22:32]} 5. e4 {[%clk 1:29:51]} Nc6 {[%clk 1:19:08]}
6. Be3 {[%clk 1:29:34]} Nf6 {[%clk 1:15:17]} 7. Nc3 O-O {[%clk 1:10:57]} 8. Be2
{[%clk 1:29:11]} d6 {[%clk 1:03:45]} 9. O-O {[%clk 1:28:56]} a6 {[%clk 0:59:24]}
10. f3 {[%clk 1:14:34]} Nd7 {[%clk 0:50:37]} 11. Nd5 {[%clk 1:14:34]} e6 12. Nxc6
{[%clk 1:07:06]} bxc6 {[%clk 0:49:29]} 13. Nc3 {[%clk 1:07:17]} Qe7
{[%clk 0:48:24]} 14. Qd2 {[%clk 1:05:11]} Rd8 {[%clk 0:41:25]} 15. Rad1
{[%clk 0:57:10]} Nf8 {[%clk 0:40:29]} 16. Bc5 {[%clk 0:50:35]} dxc5
{[%clk 0:33:30]} 17. Qxd8 {[%clk 0:50:50]} Bd4+ {[%clk 0:33:43]} 18. Rxd4
{[%clk 0:50:55]} Qb7 {[%clk 0:32:24]} 19. Rd2 {[%clk 0:51:01]} Bd7
{[%clk 0:31:42]} 20. Qe7 {[%clk 0:50:47]} Re8 {[%clk 0:31:29]} 21. Qxc5
{[%clk 0:50:43]} e5 {[%clk 0:30:44]} 22. Na4 {[%clk 0:50:33]} Be6
{[%clk 0:30:18]} 23. Rfd1 {[%clk 0:50:08]} Nd7 {[%clk 0:30:23]} 24. Rxd7
{[%clk 0:49:49]} Bxd7 {[%clk 0:30:27]} 25. Qb6 {[%clk 0:50:00]} Qc8
{[%clk 0:29:20]} 26. Nc5 {[%clk 0:50:13]} Be6 {[%clk 0:27:25]} 27. Qb7
{[%clk 0:50:22]} Qxb7 {[%clk 0:27:04]} 28. Nxb7 {[%clk 0:50:47]} Rb8
{[%clk 0:27:01]} 29. Rd8+ {[%clk 0:51:06]} Rxd8 {[%clk 0:26:23]} 30. Nxd8
{[%clk 0:51:32]} Bd7 {[%clk 0:26:34]} 31. c5 {[%clk 0:51:41]} a5 {[%clk 0:23:37]}
32. Bc4 {[%clk 0:51:59]} Be8 {[%clk 0:23:16]} 33. a4 {[%clk 0:52:14]} Kf8
{[%clk 0:23:39]} 34. Nb7 {[%clk 0:52:37]} f5 {[%clk 0:23:23]} 35. Nxa5
{[%clk 0:52:53]} fxe4 {[%clk 0:23:27]} 36. fxe4 {[%clk 0:53:19]} Ke7
{[%clk 0:23:19]} 37. b4 {[%clk 0:53:33]} Kd8 {[%clk 0:22:52]} 38. b5
{[%clk 0:53:54]} cxb5 {[%clk 0:22:36]} 39. axb5 {[%clk 0:54:11]} Kc7
{[%clk 0:22:25]} 40. b6+ {[%clk 1:24:35]} Kb8 {[%clk 0:52:26]} 41. c6
{[%clk 1:24:58]} h5 {[%clk 0:52:26]} 42. Ba6 {[%clk 1:25:17]} 1-0

[Event "World Chess Olympiad 2018"]
[Site "Batumi"]
[Date "2018.09.24"]
[Round "1"]
[Board "3"]
[WhiteFideId "11800046"]
[White "Grassi Enrico"]
[BlackFideId "5203953"]
[Black "Pascua Haridas"]
[Result "0-1"]
[LiveChessVersion "1.4.8"]
[BlackElo "2435"]
[WhiteElo "1965"]

1. Nf3 {[%clk 1:30:46]} Nf6 {[%clk 1:30:31]} 2. g3 {[%clk 1:30:49]} g6
{[%clk 1:30:13]} 3. Bg2 {[%clk 1:31:01]} Bg7 {[%clk 1:30:38]} 4. O-O
{[%clk 1:30:53]} O-O {[%clk 1:30:54]} 5. d3 {[%clk 1:31:12]} c5 {[%clk 1:30:38]}
6. e4 {[%clk 1:30:44]} Nc6 {[%clk 1:30:37]} 7. Nbd2 {[%clk 1:25:37]} d6
{[%clk 1:29:27]} 8. Rb1 {[%clk 1:20:49]} Bd7 {[%clk 1:27:57]} 9. b3
{[%clk 1:20:56]} b5 {[%clk 1:26:28]} 10. Bb2 {[%clk 1:21:11]} e5 {[%clk 1:24:51]}
11. c3 {[%clk 1:18:44]} Nh5 {[%clk 1:18:56]} 12. Qe2 {[%clk 1:10:20]} Rb8
{[%clk 1:14:58]} 13. Rfd1 {[%clk 1:08:03]} Re8 {[%clk 0:59:41]} 14. Nf1
{[%clk 1:07:15]} b4 {[%clk 0:58:16]} 15. N1d2 {[%clk 1:06:52]} bxc3
{[%clk 0:57:31]} 16. Bxc3 {[%clk 1:07:13]} Nd4 {[%clk 0:56:30]} 17. Bxd4
{[%clk 1:06:42]} exd4 {[%clk 0:56:31]} 18. Nc4 {[%clk 1:06:26]} d5
{[%clk 0:53:56]} 19. Ncd2 {[%clk 1:06:26]} Bb5 {[%clk 0:50:44]} 20. Nc4
{[%clk 0:49:38]} dxc4 {[%clk 0:50:40]} 21. bxc4 {[%clk 0:50:00]} Ba4
{[%clk 0:50:46]} 22. Rdc1 {[%clk 0:50:12]} Qc7 {[%clk 0:50:46]} 23. Qd2
{[%clk 0:47:47]} Rxb1 {[%clk 0:50:43]} 24. Rxb1 {[%clk 0:47:38]} Rb8
{[%clk 0:50:33]} 25. Rxb8+ {[%clk 0:46:26]} Qxb8 {[%clk 0:50:58]} 26. Qg5
{[%clk 0:46:41]} Bc2 {[%clk 0:50:28]} 27. Bf1 {[%clk 0:44:25]} Bd1
{[%clk 0:48:08]} 28. Kg2 {[%clk 0:39:29]} Qc8 {[%clk 0:47:24]} 29. h3
{[%clk 0:37:59]} Nf6 {[%clk 0:46:48]} 30. Nd2 {[%clk 0:35:03]} h6
{[%clk 0:45:43]} 31. Qf4 {[%clk 0:34:36]} Nd7 {[%clk 0:45:08]} 32. Qd6
{[%clk 0:33:13]} Bf8 {[%clk 0:43:54]} 33. Qd5 {[%clk 0:33:14]} Ba4
{[%clk 0:44:07]} 0-1

[Event "World Chess Olympiad 2018"]
[Site "Batumi"]
[Date "2018.09.24"]
[Round "1"]
[Board "4"]
[WhiteFideId "5204674"]
[White "Turqueza Mari Joseph"]
[BlackFideId "11800054"]
[Black "Volpinari Danilo"]
[Result "1-0"]
[LiveChessVersion "1.4.8"]
[BlackElo "1985"]
[WhiteElo "2360"]

1. Nf3 {[%clk 1:30:54]} d5 {[%clk 1:30:37]} 2. c4 {[%clk 1:30:50]} c6
{[%clk 1:30:16]} 3. d4 {[%clk 1:29:57]} e6 {[%clk 1:28:59]} 4. Nc3
{[%clk 1:28:31]} dxc4 {[%clk 1:26:11]} 5. a4 {[%clk 1:24:38]} Bb4
{[%clk 1:25:09]} 6. e3 {[%clk 1:20:04]} b5 {[%clk 1:23:37]} 7. Bd2
{[%clk 1:19:28]} a5 {[%clk 1:21:50]} 8. axb5 {[%clk 1:16:27]} Bxc3
{[%clk 1:21:11]} 9. Bxc3 {[%clk 1:16:29]} cxb5 {[%clk 1:21:13]} 10. b3
{[%clk 1:14:49]} Bb7 {[%clk 1:19:51]} 11. bxc4 {[%clk 1:14:42]} b4
{[%clk 1:19:06]} 12. Bb2 {[%clk 1:13:33]} Nf6 {[%clk 1:16:09]} 13. Bd3
{[%clk 1:09:22]} O-O {[%clk 1:15:08]} 14. Qc2 {[%clk 1:04:31]} Nbd7
{[%clk 1:06:23]} 15. h4 {[%clk 0:32:38]} h5 {[%clk 0:54:34]} 16. Ng5
{[%clk 0:28:56]} Qe7 {[%clk 0:47:33]} 17. Be2 {[%clk 0:21:00]} g6
{[%clk 0:43:29]} 18. f4 {[%clk 0:16:13]} Rfc8 {[%clk 0:38:58]} 19. e4
{[%clk 0:06:57]} Nf8 {[%clk 0:35:16]} 20. O-O {[%clk 0:06:37]} Ne8
{[%clk 0:17:05]} 21. Qd3 {[%clk 0:05:13]} Nd6 {[%clk 0:16:28]} 22. c5
{[%clk 0:04:49]} Ne8 {[%clk 0:14:36]} 23. Qg3 {[%clk 0:02:17]} f6
{[%clk 0:12:18]} 24. Nf3 {[%clk 0:00:34]} Bxe4 {[%clk 0:12:11]} 25. Nd2
{[%clk 0:00:56]} Bf5 {[%clk 0:09:23]} 26. Bxh5 {[%clk 0:01:13]} Qg7
{[%clk 0:06:53]} 27. Bd1 {[%clk 0:00:53]} Qh6 {[%clk 0:05:24]} 28. Nc4
{[%clk 0:00:55]} Rd8 {[%clk 0:04:49]} 29. Nxa5 {[%clk 0:00:47]} Be4
{[%clk 0:03:55]} 30. Nc4 {[%clk 0:00:40]} Rxa1 {[%clk 0:03:53]} 31. Bxa1
{[%clk 0:01:09]} Qh7 {[%clk 0:02:22]} 32. Re1 {[%clk 0:00:53]} Qb7
{[%clk 0:02:10]} 33. h5 {[%clk 0:00:42]} Bf5 {[%clk 0:01:17]} 34. Ne3
{[%clk 0:00:40]} Be4 {[%clk 0:01:13]} 35. hxg6 {[%clk 0:00:57]} Qg7
{[%clk 0:01:04]} 36. f5 {[%clk 0:01:12]} Bd5 {[%clk 0:00:40]} 37. Nxd5
{[%clk 0:01:33]} Rxd5 {[%clk 0:00:45]} 38. Bb3 {[%clk 0:01:56]} Rxf5
{[%clk 0:00:46]} 39. Rxe6 {[%clk 0:02:16]} 1-0

[Event "World Chess Olympiad 2018"]
[Site "Batumi"]
[Date "2018.09.24"]
[Round "1"]
[Board "1"]
[WhiteFideId "4500261"]
[White "Kulaots Kaido"]
[BlackFideId "19600054"]
[Black "Hemam Moulaye Brahim"]
[Result "1-0"]
[LiveChessVersion "1.4.8"]
[BlackElo "2018"]
[WhiteElo "2542"]

1. e4 {[%clk 1:30:20]} d6 {[%clk 1:30:47]} 2. d4 {[%clk 1:30:37]} Nf6
{[%clk 1:31:07]} 3. Nc3 {[%clk 1:30:53]} g6 {[%clk 1:31:16]} 4. Be3
{[%clk 1:28:27]} c6 {[%clk 1:29:36]} 5. Nf3 {[%clk 1:25:24]} b5 {[%clk 1:29:00]}
6. Bd3 {[%clk 1:25:24]} Nbd7 {[%clk 1:28:07]} 7. O-O {[%clk 1:22:55]} Qc7
{[%clk 1:26:26]} 8. h3 {[%clk 1:19:21]} Bg7 {[%clk 1:19:45]} 9. Qd2
{[%clk 1:15:07]} Bb7 {[%clk 1:18:50]} 10. Rfe1 {[%clk 1:00:49]} e5
{[%clk 1:15:17]} 11. dxe5 {[%clk 0:52:09]} dxe5 {[%clk 1:14:58]} 12. Bxb5
{[%clk 0:49:15]} cxb5 {[%clk 1:09:23]} 13. Nxb5 {[%clk 0:49:28]} Qc6
{[%clk 1:05:56]} 14. Nd6+ {[%clk 0:48:52]} Ke7 {[%clk 1:05:32]} 15. Rad1
{[%clk 0:47:13]} Rhb8 {[%clk 1:04:19]} 16. Qb4 {[%clk 0:38:39]} Bf8
{[%clk 0:55:37]} 17. Nxb7+ {[%clk 0:23:25]} Ke8 {[%clk 0:54:38]} 18. Nd6+
{[%clk 0:23:11]} Bxd6 {[%clk 0:53:48]} 19. Rxd6 {[%clk 0:21:00]} Rxb4
{[%clk 0:40:26]} 20. Rxc6 {[%clk 0:21:24]} Rxb2 {[%clk 0:40:39]} 21. a4
{[%clk 0:14:08]} Rb4 {[%clk 0:29:55]} 22. a5 {[%clk 0:14:09]} Rxe4
{[%clk 0:27:24]} 23. Rd1 {[%clk 0:13:27]} Ra4 {[%clk 0:22:13]} 24. a6
{[%clk 0:11:56]} e4 {[%clk 0:20:32]} 25. Nh2 {[%clk 0:09:45]} Ra5
{[%clk 0:14:48]} 26. c4 {[%clk 0:08:03]} Ke7 {[%clk 0:13:18]} 27. c5
{[%clk 0:06:41]} Ne8 {[%clk 0:12:01]} 28. Bf4 {[%clk 0:03:14]} Nxc5
{[%clk 0:11:35]} 29. Ng4 {[%clk 0:01:40]} Ne6 {[%clk 0:11:15]} 30. Bd2
{[%clk 0:00:58]} Rb5 {[%clk 0:09:42]} 31. Bc3 {[%clk 0:01:16]} Rb6
{[%clk 0:09:05]} 32. Ne5 {[%clk 0:00:35]} Nd8 {[%clk 0:07:03]} 33. Rd7+
{[%clk 0:00:36]} Kf8 {[%clk 0:07:28]} 34. Rxb6 {[%clk 0:00:53]} axb6
{[%clk 0:07:47]} 35. Bb4+ {[%clk 0:00:34]} Kg8 {[%clk 0:08:07]} 36. a7
{[%clk 0:00:32]} f6 {[%clk 0:05:55]} 37. Be7 {[%clk 0:00:36]} fxe5
{[%clk 0:02:47]} 38. Bxd8 {[%clk 0:00:54]} b5 {[%clk 0:01:44]} 39. Bb6
{[%clk 0:00:47]} b4 {[%clk 0:01:23]} 40. Bc5 {[%clk 0:30:50]} b3 {[%clk 0:30:46]}
41. Rb7 {[%clk 0:31:05]} Rc8 {[%clk 0:29:31]} 42. Rxb3 {[%clk 0:31:09]} Nc7
{[%clk 0:29:55]} 43. Rb8 {[%clk 0:31:26]} 1-0

[Event "World Chess Olympiad 2018"]
[Site "Batumi"]
[Date "2018.09.24"]
[Round "1"]
[Board "2"]
[WhiteFideId "19600151"]
[White "Cheikhna Mohamed Lemine"]
[BlackFideId "4501950"]
[Black "Volodin Aleksandr"]
[Result "0-1"]
[LiveChessVersion "1.4.8"]
[BlackElo "2457"]
[WhiteElo "1950"]

1. d4 {[%clk 1:30:39]} Nf6 {[%clk 1:30:51]} 2. Nf3 {[%clk 1:30:43]} c5
{[%clk 1:31:14]} 3. c3 {[%clk 1:29:33]} e6 {[%clk 1:27:33]} 4. Bf4
{[%clk 1:26:53]} Nc6 {[%clk 1:27:25]} 5. e3 {[%clk 1:26:28]} Qb6 {[%clk 1:26:47]}
6. Qb3 {[%clk 1:24:35]} Be7 {[%clk 1:18:57]} 7. Nbd2 {[%clk 1:22:57]} d5
{[%clk 1:18:37]} 8. Be2 {[%clk 1:12:50]} h6 {[%clk 1:10:30]} 9. Ne5
{[%clk 1:08:51]} Nxe5 {[%clk 1:08:12]} 10. dxe5 {[%clk 1:04:43]} Nd7
{[%clk 1:07:53]} 11. Nf3 {[%clk 0:57:06]} Qc7 {[%clk 1:05:23]} 12. h4
{[%clk 0:54:08]} a6 {[%clk 1:01:53]} 13. a4 {[%clk 0:53:12]} c4 {[%clk 0:59:10]}
14. Qc2 {[%clk 0:52:47]} Nc5 {[%clk 0:59:21]} 15. Nd4 {[%clk 0:49:16]} Bd7 16.
Rh3 {[%clk 0:41:51]} g6 {[%clk 0:54:10]} 17. f3 {[%clk 0:37:28]} O-O-O
{[%clk 0:52:47]} 18. a5 {[%clk 0:34:25]} g5 {[%clk 0:52:39]} 19. hxg5
{[%clk 0:32:30]} hxg5 {[%clk 0:50:41]} 20. Bg3 {[%clk 0:25:24]} Rxh3
{[%clk 0:48:51]} 21. gxh3 {[%clk 0:25:46]} Rh8 {[%clk 0:49:17]} 22. Bf1
{[%clk 0:25:04]} f5 {[%clk 0:47:11]} 23. b4 {[%clk 0:13:47]} cxb3
{[%clk 0:46:45]} 24. Nxb3 {[%clk 0:09:58]} Ba4 {[%clk 0:45:59]} 25. Rxa4
{[%clk 0:09:51]} Nxa4 {[%clk 0:46:23]} 26. c4 {[%clk 0:09:34]} Bb4+
{[%clk 0:46:08]} 27. Kf2 {[%clk 0:09:37]} Nc5 {[%clk 0:44:25]} 28. Kg2
{[%clk 0:06:20]} f4 {[%clk 0:42:43]} 29. Bf2 {[%clk 0:04:54]} Qh7
{[%clk 0:36:40]} 30. Qxh7 {[%clk 0:03:35]} Rxh7 {[%clk 0:37:09]} 31. Nxc5
{[%clk 0:03:08]} Bxc5 {[%clk 0:37:33]} 32. exf4 {[%clk 0:03:27]} Bxf2
{[%clk 0:37:59]} 33. Kxf2 {[%clk 0:03:20]} gxf4 {[%clk 0:38:14]} 34. cxd5
{[%clk 0:03:19]} exd5 {[%clk 0:38:34]} 35. Bd3 {[%clk 0:02:46]} Rh5
{[%clk 0:38:57]} 36. Bg6 {[%clk 0:02:05]} Rxe5 {[%clk 0:38:57]} 0-1

[Event "World Chess Olympiad 2018"]
[Site "Batumi"]
[Date "2018.09.24"]
[Round "1"]
[Board "3"]
[WhiteFideId "4500458"]
[White "Sirosh Ilja"]
[BlackFideId "19600160"]
[Black "Yahi Mohamed Salem"]
[Result "1-0"]
[LiveChessVersion "1.4.8"]
[BlackElo "1926"]
[WhiteElo "2380"]

1. d4 {[%clk 1:30:56]} d5 {[%clk 1:30:52]} 2. c4 {[%clk 1:31:21]} c6
{[%clk 1:31:12]} 3. Nf3 {[%clk 1:31:32]} Nf6 {[%clk 1:31:23]} 4. e3
{[%clk 1:31:52]} e6 {[%clk 1:31:18]} 5. b3 {[%clk 1:31:57]} Nbd7 {[%clk 1:28:58]}
6. Bb2 {[%clk 1:29:33]} Bb4+ {[%clk 1:27:38]} 7. Nbd2 {[%clk 1:29:02]} Ne4
{[%clk 1:26:56]} 8. a3 {[%clk 1:25:21]} Nxd2 {[%clk 1:25:19]} 9. Nxd2
{[%clk 1:18:21]} Ba5 {[%clk 1:23:50]} 10. Bd3 {[%clk 1:13:56]} Nf6
{[%clk 1:23:06]} 11. O-O {[%clk 1:12:40]} O-O {[%clk 1:22:58]} 12. Qc2
{[%clk 1:09:06]} h6 {[%clk 1:19:38]} 13. Rad1 {[%clk 1:07:00]} Bc7
{[%clk 1:18:04]} 14. g3 {[%clk 1:00:38]} Qe7 {[%clk 1:16:55]} 15. e4
{[%clk 0:59:56]} b6 {[%clk 1:02:20]} 16. e5 {[%clk 0:55:55]} Ne8 {[%clk 1:01:59]}
17. cxd5 {[%clk 0:55:21]} cxd5 {[%clk 1:00:20]} 18. a4 {[%clk 0:53:27]} f5
{[%clk 0:53:56]} 19. Nb1 {[%clk 0:51:02]} Rf7 {[%clk 0:47:46]} 20. Ba3
{[%clk 0:50:33]} Qd8 {[%clk 0:47:38]} 21. f4 {[%clk 0:45:45]} Bb7
{[%clk 0:45:59]} 22. Kh1 {[%clk 0:44:18]} Rc8 {[%clk 0:46:01]} 23. Qe2
{[%clk 0:44:39]} Kh7 {[%clk 0:41:02]} 24. g4 {[%clk 0:43:02]} g6 {[%clk 0:40:51]}
25. gxf5 {[%clk 0:43:16]} gxf5 {[%clk 0:41:11]} 26. Qh5 {[%clk 0:43:18]} Rg7
{[%clk 0:26:12]} 27. Rg1 {[%clk 0:43:33]} Qd7 {[%clk 0:25:55]} 28. Bf8
{[%clk 0:43:16]} Nf6 {[%clk 0:20:38]} 29. exf6 {[%clk 0:43:28]} 1-0

[Event "World Chess Olympiad 2018"]
[Site "Batumi"]
[Date "2018.09.24"]
[Round "1"]
[Board "4"]
[WhiteFideId "19601409"]
[White "Mohamed Lemine Mohamed"]
[BlackFideId "4502973"]
[Black "Haavamae Henrik"]
[Result "0-1"]
[LiveChessVersion "1.4.8"]
[BlackElo "2190"]
[WhiteElo "1844"]

1. e4 {[%clk 1:30:52]} c5 {[%clk 1:30:38]} 2. Nf3 {[%clk 1:31:06]} e6
{[%clk 1:30:15]} 3. d3 {[%clk 1:30:20]} Nc6 {[%clk 1:30:11]} 4. g3
{[%clk 1:30:41]} d5 {[%clk 1:29:56]} 5. Nbd2 {[%clk 1:29:20]} Nf6
{[%clk 1:29:43]} 6. Bg2 {[%clk 1:29:11]} Be7 {[%clk 1:29:06]} 7. O-O
{[%clk 1:27:30]} O-O {[%clk 1:29:17]} 8. h3 {[%clk 1:25:02]} b5 {[%clk 1:25:26]}
9. a4 {[%clk 1:13:50]} b4 {[%clk 1:24:32]} 10. b3 {[%clk 1:14:00]} dxe4
{[%clk 1:17:07]} 11. dxe4 {[%clk 1:07:37]} Ba6 {[%clk 1:15:03]} 12. Re1
{[%clk 1:07:39]} Qc7 {[%clk 1:12:15]} 13. Bb2 {[%clk 1:04:42]} Rfd8
{[%clk 1:12:27]} 14. Qc1 {[%clk 1:04:53]} Rac8 {[%clk 1:11:43]} 15. Nf1
{[%clk 0:55:15]} Nd4 {[%clk 1:03:19]} 16. N3d2 {[%clk 0:39:23]} Ne2+
{[%clk 1:03:19]} 17. Rxe2 {[%clk 0:39:22]} Bxe2 {[%clk 1:03:44]} 18. c4
{[%clk 0:38:41]} bxc3 {[%clk 1:00:00]} 19. Bxc3 {[%clk 0:36:59]} Ba6
{[%clk 0:56:06]} 20. Ne3 {[%clk 0:33:54]} Nd7 {[%clk 0:48:19]} 21. f4
{[%clk 0:32:47]} Nb8 {[%clk 0:41:14]} 22. Ndc4 {[%clk 0:31:30]} Nc6
{[%clk 0:41:12]} 23. Qb2 {[%clk 0:31:02]} Bf8 {[%clk 0:39:52]} 24. Rf1
{[%clk 0:28:18]} Rd3 {[%clk 0:37:53]} 25. Kh2 {[%clk 0:23:50]} Nd4
{[%clk 0:35:41]} 26. Rf2 {[%clk 0:17:50]} Rb8 {[%clk 0:26:14]} 27. b4
{[%clk 0:15:15]} Bxc4 {[%clk 0:25:22]} 28. Nxc4 {[%clk 0:15:31]} cxb4
{[%clk 0:25:21]} 29. Bxd4 {[%clk 0:15:50]} Rxd4 {[%clk 0:22:04]} 30. Qxd4
{[%clk 0:15:26]} Bc5 {[%clk 0:22:29]} 31. Qe5 {[%clk 0:13:58]} Qxe5 32. Nxe5
{[%clk 0:13:40]} Bxf2 {[%clk 0:23:17]} 33. Nc4 {[%clk 0:12:22]} b3
{[%clk 0:23:17]} 34. Nd2 {[%clk 0:11:56]} b2 {[%clk 0:23:38]} 35. Nb1
{[%clk 0:12:18]} Rb4 {[%clk 0:22:23]} 0-1

[Event "World Chess Olympiad 2018"]
[Site "Batumi"]
[Date "2018.09.24"]
[Round "1"]
[Board "1"]
[WhiteFideId "8800081"]
[White "Black Richard"]
[BlackFideId "14403803"]
[Black "Kadric Denis"]
[Result "0-1"]
[LiveChessVersion "1.4.8"]
[BlackElo "2543"]
[WhiteElo "2218"]

1. e4 {[%clk 1:30:55]} g6 {[%clk 1:30:37]} 2. d4 {[%clk 1:31:17]} Bg7
{[%clk 1:31:05]} 3. Nc3 {[%clk 1:31:35]} a6 {[%clk 1:31:33]} 4. f4
{[%clk 1:31:46]} d6 {[%clk 1:32:00]} 5. Nf3 {[%clk 1:32:04]} Nd7 {[%clk 1:31:38]}
6. Bd3 {[%clk 1:30:14]} c5 {[%clk 1:32:05]} 7. d5 {[%clk 1:22:29]} b5
{[%clk 1:32:30]} 8. O-O {[%clk 1:19:04]} Bb7 {[%clk 1:32:34]} 9. a4
{[%clk 1:18:09]} c4 {[%clk 1:30:24]} 10. Be2 {[%clk 1:17:53]} b4 {[%clk 1:30:52]}
11. Na2 Rc8 {[%clk 1:31:09]} 12. Be3 {[%clk 1:03:56]} a5 {[%clk 1:29:21]} 13. c3
{[%clk 0:58:13]} b3 {[%clk 1:29:43]} 14. Nc1 {[%clk 0:58:20]} Ngf6
{[%clk 1:29:17]} 15. Bd4 {[%clk 0:57:00]} O-O {[%clk 1:28:30]} 16. Nd2
{[%clk 0:56:55]} Nb6 {[%clk 1:28:59]} 17. Bf3 {[%clk 0:54:32]} Nfd7
{[%clk 1:29:17]} 18. Ne2 {[%clk 0:47:33]} Nc5 {[%clk 1:29:37]} 19. Bxc5
{[%clk 0:47:06]} Rxc5 {[%clk 1:30:05]} 20. Nd4 {[%clk 0:45:34]} Qd7
{[%clk 1:26:48]} 21. Ra3 {[%clk 0:40:20]} Rcc8 {[%clk 1:24:24]} 22. Bg4
{[%clk 0:35:19]} Bxd4+ {[%clk 1:24:28]} 23. cxd4 {[%clk 0:35:31]} f5
{[%clk 1:24:57]} 24. Bh3 {[%clk 0:32:36]} Rc7 {[%clk 1:25:22]} 25. exf5
{[%clk 0:30:14]} gxf5 {[%clk 1:25:38]} 26. Qh5 {[%clk 0:27:48]} Bxd5
{[%clk 1:25:50]} 27. Nf3 {[%clk 0:27:05]} e6 {[%clk 1:26:00]} 28. Ng5
{[%clk 0:23:55]} Qg7 {[%clk 1:26:23]} 29. Qd1 {[%clk 0:20:50]} h6
{[%clk 1:26:16]} 30. Nf3 {[%clk 0:20:47]} c3 {[%clk 1:26:42]} 31. bxc3
{[%clk 0:19:04]} Nc4 {[%clk 1:26:24]} 0-1